000 00913nam a2200181 i 4500
001 141790
003 ES-MaACL
005 20230906200353.0
007 t|
008 070928m19091913fr ||||1| fre d
100 1 _aWagner, Adolph.
_9115834
245 1 0 _aTraité de la science des finances /
_cA. Wagner ; trad. française abrégée... par Henry Vouters.
260 _aParis :
_bV. Giard et E. Brière,
_c1909-1913.
300 _a5 v. ;
_c23 cm.
505 8 _aContiene: I. L'organisation de l'économie financière (budget, comptabilité, contrôle), les besoins financiers, les recettes ordinaires en général et les acquêts privés en particulier -- II. Théorie de l'imposition, théorie des taxes et théorie générale des impôts -- III. Le crédit public -- IV y V. Histoire de l'impôt depuis l'Antiquité jusqu'áa nos jours
700 1 _aVouters, Henry.
_9115752
852 _aES-MaACL
_jD-4076-80
999 _c141790
_d141790